00998 am a2200181 a 450000500170000000800410001702000080005804100080006610000160007424502530009025000530034326000350039630000100043150003070044165300260074865300240077470000180079820240701095332.0100930s1971||||ag d f |||| 001 0 spa d aS/N aspa1 aDybkaer, R. aMagnitudes y unidades en química clínica.bIncluye la Recomendación 1966 de la Comisión de Química Clínica, de la Unión Internacional de Química Pura y Aplicada y de la Federación Internacional de Química Clínica / cR. Dykaer a1a ed. en españolbTraducción Luis Bertello. aBuenos Aires: bEUDEBA;c1971. a90 p. aDykaer, R. y Jorgensen, K. (1971). Magnitudes y unidades en química clínica. Incluye la Recomendación 1966 de la Comisión de Química Clínica, de la Unión Internacional de Química Pura y Aplicada y de la Federación Internacional de Química Clínica. (1a ed.). Buenos Aires : EUDEBA. aMagnitudes y unidades aQuímica clínica1 aJorgensen, K.